000 01485nam a2200277Ia 4500
999 _c54891
_d54891
001 21960
003 GE_BSU
005 20220913142153.0
008 181216s2007||||ge |||||||||||||| ||geo||
020 _a9789992842805
040 _cGE_BSU
041 _ageo
080 _a821.353.1.09 მ-92
100 _aმურღულია, გია
_914592
245 _aსაუბრები ძველ ქართულ ლიტერატურაზე :
_bდამხმ. სახელმძღვ. ქართ. ლიტერატურაში /
_cგია მურღულია, გიორგი ალიბეგაშვილი, ვასილ მაღლაფერიძე ; რედ. : რ. თვარაძე [და სხვ.].
264 _aთბილისი :
_bდია,
_c2007.
300 _a336 გვ.;
_c23 სმ.
541 _h8ლ.
653 _aსაუბრები ძველ ქართულ ლიტერატურაზე
653 _aქართული ლიტერატურა
653 _aქართული ლიტერატურის ისტორია და კრიტიკა
700 _a ალიბეგაშვილი, გიორგი
_eავტორი
_914593
700 _aმაღლაფერიძე, ვასილ
_eავტორი
_914594
700 _aთვარაძე, რ.
_eრედაქტორი
_914595
942 _cBK
_2udc